000 00827nam a2200193Ia 4500
003 Ost
005 20260507074937.0
008 260507s9999||||xx |||||||||||||| ||und||
020 _a978995732337
040 _cfsecg
041 _aara
082 _a657.0285
100 _aبليبلة، تغريد مفيد كامل
_eمؤلف
245 0 _aتطبيقات الحاسوب في المحاسبة :
_bانظمة الفا المحاسبية /
_c تغريد مفيد كامل بليبلة
260 _aعمان:
_bدار الحامد,
_c2008
300 _a520 صفحة؛
_bإيضاحات ؛
_c24 سم
520 _a-نظام المحاسبة العامة،نظام متابعة العملاء،نظام النقد والصندوق،نظام متابعة الشيكات، نظام الاصول الثابتة.
942 _cكتاب
999 _c41895
_d41895